Entre gula y templanza : (Record no. 100856)
[ view plain ]
| 000 -LEADER | |
|---|---|
| campo de control de longitud fija | 00492nmm a2200157Ia 4500 |
| 008 - DATOS DE LONGITUD FIJA--INFORMACIÓN GENERAL | |
| campo de control de longitud fija | 251105s9999||||xx |||||||||||||||||und|| |
| 041 ## - CÓDIGO DE IDIOMA | |
| Código de lengua del texto/banda sonora o título independiente | spa |
| 100 ## - ENTRADA PRINCIPAL--NOMBRE DE PERSONA | |
| Nombre de persona | Corcuera de la Mancera, Sonia |
| 245 #0 - MENCIÓN DEL TÍTULO | |
| Título | Entre gula y templanza : |
| Resto del título | Un aspecto de la historia mexicana |
| 264 ## - PRODUCCIÓN, PUBLICACIÓN, DISTRIBUCIÓN, FABRICACIÓN Y COPYRIGHT | |
| Producción, publicación, distribución, fabricación y copyright | [México D.C., Mexico] : |
| Nombre del de productor, editor, distribuidor, fabricante | Fondo de Cultura Económica, |
| Fecha de producción, publicación, distribución, fabricación o copyright | 2016 |
| 300 ## - DESCRIPCIÓN FÍSICA | |
| Extensión | 176 páginas |
| 490 ## - MENCIÓN DE SERIE | |
| Mención de serie | Tezontle |
| 650 ## - PUNTO DE ACCESO ADICIONAL DE MATERIA--TÉRMINO DE MATERIA | |
| Término de materia o nombre geográfico como elemento de entrada | Cooking |
| 856 ## - LOCALIZACIÓN Y ACCESO ELECTRÓNICOS | |
| Identificador Uniforme de Recursos | <a href="https://public.digitaliapublishing.com/a/64415">https://public.digitaliapublishing.com/a/64415</a> |
| 942 ## - ELEMENTOS DE ENTRADA SECUNDARIOS (KOHA) | |
| Tipo de ítem Koha | Libro Digital |
No items available.